<?xml version="1.0" encoding="UTF-8"?>
<collection xmlns="http://www.loc.gov/MARC21/slim">
  <record>
    <leader>00000nam  2200000   4500</leader>
    <controlfield tag="001">INLIS000000000018656</controlfield>
    <controlfield tag="005">20241204093805</controlfield>
    <datafield tag="035" ind1="#" ind2="#">
      <subfield code="a">0010-1224000027</subfield>
    </datafield>
    <controlfield tag="007">ta</controlfield>
    <controlfield tag="008">241204################g##########0#ind##</controlfield>
    <datafield tag="020" ind1="#" ind2="#">
      <subfield code="a">979 442 064 6</subfield>
    </datafield>
    <datafield tag="082" ind1="#" ind2="#">
      <subfield code="a">658.8</subfield>
    </datafield>
    <datafield tag="084" ind1="#" ind2="#">
      <subfield code="a">658.8 SHO l</subfield>
    </datafield>
    <datafield tag="100" ind1=" " ind2="#">
      <subfield code="a">Shook, Robert L.</subfield>
    </datafield>
    <datafield tag="245" ind1="1" ind2="#">
      <subfield code="a">52 Kisah Penjualan Spektakuler :</subfield>
      <subfield code="b">Penuturan Penjual Terhebat Dunia /</subfield>
      <subfield code="c">Robert L. Shook</subfield>
    </datafield>
    <datafield tag="250" ind1="#" ind2="#">
      <subfield code="a">Cetakan ke 2</subfield>
    </datafield>
    <datafield tag="260" ind1="#" ind2="#">
      <subfield code="a">Jakarta :</subfield>
      <subfield code="b">McGraw Hill,</subfield>
      <subfield code="c">2001</subfield>
    </datafield>
    <datafield tag="300" ind1="#" ind2="#">
      <subfield code="a">279 halaman :</subfield>
      <subfield code="b">ilus ;</subfield>
      <subfield code="c">24 cm</subfield>
    </datafield>
    <datafield tag="650" ind1="#" ind2="4">
      <subfield code="a">Marketing</subfield>
    </datafield>
    <datafield tag="520" ind1="#" ind2="#">
      <subfield code="a">Mary Kay Ash. Ace Greenberg. Tom Hopkins. Richard Luisi. Ross Perot. Zig Ziglar. Mereka hanyalah sebagian dari para wiraniaga top dengan kisah yang menarik dan unik yang akan menuturkannya kepada Anda-setiap kisah memberikan pelajaran, wawasan yang berharga, atau ilmu tentang peluncuran suatu karier penjualan super. Ini merupakan kesempatan langka untuk mendengarkan mereka menuturkan situasi khusus yang menuntunnya menuju terobosan penjualan spektakuler dan apa yang mereka pelajari dari pengalamannya.</subfield>
    </datafield>
    <datafield tag="990" ind1="#" ind2="#">
      <subfield code="a">02127326</subfield>
    </datafield>
    <datafield tag="990" ind1="#" ind2="#">
      <subfield code="a">02127324</subfield>
    </datafield>
  </record>
</collection>
